Missing Word: Films About Artificial Intelligence Quiz Stats

 Plays Quiz Updated Oct 4, 2016

Challenge
Share
Tweet
Embed
Score 0/24 Timer 04:00
0 Plays Today
Title Missing Word % Correct
____ Trek: GenerationsStar
97.3%
Blade ____Runner
97.3%
2001: A Space ____Odyssey
92%
Lost in ____Space
91.7%
I, ____Robot
90.9%
Star ____: NemesisTrek
90.8%
____ CircuitShort
80.6%
Bicentennial ____Man
80.1%
____ of the StateEnemy
79.6%
____ MnemonicJohnny
70.4%
Ex ____Machina
66.7%
____ of the NavigatorFlight
65.8%
Title Missing Word % Correct
Star Trek: First ____Contact
61.1%
____: Age of UltronAvengers
60.7%
The ____ RevolutionsMatrix
45.2%
Not Quite ____Human
39.6%
____ ManIron
28.4%
____ EyeEagle
26.8%
The Thirteenth ____Floor
17%
Star Trek: ____Insurrection
17%
____ DreamsElectric
16.9%
Colossus: The Forbin ____Project
14.3%
How To Make a ____Monster
8.9%
____ ChessComputer
8.6%

Today's Daily Dose

Missing Word
Madam, I'm Adam

Quick Pick
Meat vs Animal

On This Day
October 21st II

You're not logged in!

Compare scores with friends on all Sporcle quizzes.
Join for Free
OR
Log In

You Might Also Like...

Show Comments

Extras

Top Quizzes Today


Score Distribution

Your Account Isn't Verified!

In order to create a playlist on Sporcle, you need to verify the email address you used during registration. Go to your Sporcle Settings to finish the process.

Report this User

Report this user for behavior that violates our Community Guidelines.

Details: